<?xml version="1.0" encoding="UTF-8"?><collection xmlns="info:lc/xmlns/marcxchange-v2"><record format="Unimarc" type="bibliographic"><leader>00593cam  2200217   450 </leader><controlfield tag="001">1984935</controlfield><controlfield tag="003">http://id.bnportugal.gov.pt/bib/porbase/1984935</controlfield><controlfield tag="005">20030519115200.0</controlfield><datafield ind1=" " ind2=" " tag="010"><subfield code="a">0-521-42668-5</subfield></datafield><datafield ind1=" " ind2=" " tag="035"><subfield code="4">93165</subfield></datafield><datafield ind1=" " ind2=" " tag="095"><subfield code="a">PTBN00695978</subfield></datafield><datafield ind1=" " ind2=" " tag="100"><subfield code="a">19931220d1993    k  y0pory0103    ba</subfield></datafield><datafield ind1="0" ind2=" " tag="101"><subfield code="a">eng</subfield></datafield><datafield ind1=" " ind2=" " tag="102"><subfield code="a">GB</subfield></datafield><datafield ind1="1" ind2=" " tag="200"><subfield code="a">Squares</subfield></datafield><datafield ind1=" " ind2=" " tag="210"><subfield code="a">Cambridge</subfield><subfield code="c">Cambridge University Press</subfield><subfield code="d">1993</subfield></datafield><datafield ind1=" " ind2=" " tag="215"><subfield code="a">XII, 286 p</subfield></datafield><datafield ind1="2" ind2=" " tag="225"><subfield code="a">London Mathematical Society lecture note series</subfield><subfield code="v">171</subfield></datafield><datafield ind1=" " ind2=" " tag="675"><subfield code="a">511.342</subfield><subfield code="v">med</subfield><subfield code="z">eng</subfield><subfield code="3">1536230</subfield></datafield><datafield ind1=" " ind2="1" tag="700"><subfield code="a">Rajwade</subfield><subfield code="b">A. R.</subfield><subfield code="3">1536589</subfield></datafield><datafield ind1=" " ind2="0" tag="801"><subfield code="a">PT</subfield><subfield code="b">BN</subfield><subfield code="g">RPC</subfield></datafield><datafield ind1=" " ind2=" " tag="977"><subfield code="1">11E/RAJ</subfield><subfield code="2">coop</subfield><subfield code="4">UCMA</subfield><subfield code="6">mq3078271</subfield><subfield code="7">bc</subfield><subfield code="8">coop</subfield><subfield code="9">UCMA</subfield><subfield code="k">0</subfield></datafield><datafield ind1=" " ind2=" " tag="998"><subfield code="a">CMA9-179</subfield></datafield></record></collection>